Симон Петлюра (Запис № 429464)

МАРК-запис
000 -Лідер
fixed length control field 00894nam a22002657a 4500
001 - Контрольний номер
control field 49341
003 - Ідентифікатор контрольного номера
control field UA-OsUOA
005 - Дата та час останнього входження (трансакції)
control field 20260703095709.0
007 - Фіксоване поле фізичного опису
fixed length control field ta
008 - Елементи даних фіксованої довжини – загальна інформація
fixed length control field 20131219b un ||||| |||| 00| 0 ukr d
040 ## - Джерело каталогізації
Агенція оригінальної каталогізації UA-OsUOA
Мова каталогізації ukr
Агенція, яка здійснювала перезапис UA-OsUOA
Агенція, яка здійснювала модифікацію UA-OsUOA
041 ## - Код мови
Код мови тексту/ звукової доріжки чи окремого заголовка (П) ukr
080 ## - Індекс Універсальної десяткової класифікації
Індекс Універсальної десяткової класифікації (УДК) (НП) 09:929
090 ## - Локальний шифр розміщення
Класифікаційний індекс УДК 09:929
Авторський знак (НП) Л80
100 ## - Основне введення – ім’я особи
Ім’я особи (НП) Лотоцький О.
9 (RLIN) 25790
245 ## - Відомості про назву
Назва (НП) Симон Петлюра
260 ## - Публікація, розповсюдження і т.п. (Вихідні дані)
Дата публікації, розповсюдження і т.п. (П) 1936
Місце публікації, розповсюдження і т.п. (П) Б. м.
Ім’я/ наймення видавництва, розповсюджувача і т.п. (П) Накладом Комітету для вшанування X. річниці смерти Симона Петлюри
300 ## - Фізичний опис
Обсяг 118 с.
593 ## - Рідкісне видання
Рідкісне видання Рідкісне/цінне видання.
650 #7 - Додаткове предметне введення – тематичний термін
Тематичний термін чи географічна назва, як елемент введення (НП) 09 Рукописи. Раритети і рідкісні книги
Джерело заголовка чи терміна UDC
9 (RLIN) 1449
942 ## - Додаткові елементи входу (Коха)
Тип елемента Koha Книги
Source of classification or shelving scheme Universal Decimal Classification
955 ## - Код типу видання за змістом
Код типу видання за змістом (НП) Наукові видання
Фонди
Стан вилучень Стан втрат Джерело класифікації або схеми стелажів Стан уражень Не для кредиту Постійне місце розташування Поточне розміщення Дата придбання Джерело придбання Вартість, звичайна ціна покупки Інвентарний номер Усього замовленно Повний номер виклику Штрих-код Дата останнього перегляду Вартість, ціна заміни Ціна ефективна від Тип елемента Koha Примітка, призначена для загального доступу
    Universal Decimal Classification     Наукова бібліотека ІДУД Наукова бібліотека ІДУД 19/12/2013 308/2013 1.00 2135172   09:929 Л80 2135172 14/09/2019 1.00 19/12/2013 Книги Рідкісне/цінне видання